| 000 | 00986nam a22003377a 4500 | ||
|---|---|---|---|
| 001 | 0000934 | ||
| 003 | KOHA_MİRAKIL | ||
| 005 | 20260207001225.0 | ||
| 007 | ta | ||
| 008 | 081212b2001 tu |||gr||||#0|||0|tur | | ||
| 020 |
_a9754864408 _cYTL28,69 |
||
| 040 |
_aTR-BiSEU _btur _cTR-BiSEU _erda |
||
| 041 | 0 | _atur | |
| 044 | _ctu | ||
| 050 |
_aTK5105.8885 _b.U97 2001 |
||
| 100 | 1 | _aUysal, Mithat. | |
| 245 | 1 |
_aPHP 4 ile web tasarımı/ _cMithat Uysal ; Mithat Uysal. |
|
| 264 | 1 |
_aİstanbul : _bBeta _c2001 |
|
| 300 | _a546 sayfa | ||
| 336 |
_ametin _btxt _2rdacontent |
||
| 337 |
_aaracısız _bn _2rdamedia |
||
| 338 |
_acilt _bnc _2rdacarrier |
||
| 650 | 0 |
_aWeb sites--Tasarım. _91523 |
|
| 650 | 0 |
_aWeb sitesi geliştirme. _91524 |
|
| 650 | 0 |
_aWeb siteleri--Yazılım programları. _91525 |
|
| 650 | 0 |
_aWeb sites--Design. _91526 |
|
| 650 | 0 |
_aWeb sites development. _91527 |
|
| 650 | 0 |
_aWeb sites--Authoring programs. _91528 |
|
| 907 | _aBilgisayar | ||
| 942 |
_2lcc _cBK |
||
| 999 |
_c929 _d929 |
||